Traning to teach : A guide for students

Teaching is a tough and challenging job and society demands more from its teachers than ever before. This new edition is an essential companion for those training to teach, providing an overview of important professional issues that all future teachers need to engage with in order to succeed in the...

Full beskrivning

Sparad:
Bibliografiska uppgifter
Materialtyp: Bok
Språk:Undetermined
Publicerad: London Sage 2015
Ämnen:
Taggar: Lägg till en tagg
Inga taggar, Lägg till första taggen!
Thư viện lưu trữ: Trung tâm Học liệu Trường Đại học Cần Thơ
LEADER 00948nam a2200229Ia 4500
001 CTU_207224
008 210402s9999 xx 000 0 und d
020 |c 689000 
082 |a 371.100941 
082 |b T768 
245 0 |a Traning to teach : 
245 2 |b A guide for students 
245 0 |c Neil Denby edited by 
260 |a London 
260 |b Sage 
260 |c 2015 
520 |a Teaching is a tough and challenging job and society demands more from its teachers than ever before. This new edition is an essential companion for those training to teach, providing an overview of important professional issues that all future teachers need to engage with in order to succeed in the classroom. 
650 |a Giảng dạy,Giáo viên,Teaching,Teachers 
650 |x Chứng nhận,Certification 
650 |z Anh,Anh,Great Britain.,Great Britain. 
904 |i Tuyến 
980 |a Trung tâm Học liệu Trường Đại học Cần Thơ